Statistics for uk reptiles (including escapes)

Click here to take the quiz!

General Stats

  • This quiz has been taken 16 times
  • The average score is 7 of 15

Answer Stats

Answer% Correct
leatherback
80%
adder
73%
grass snake
73%
corn snake
67%
snapping turtle
67%
sand lizard
53%
slow worm
53%
loggerhead
47%
smooth snake
47%
common lizard
40%
green lizard
33%
wall lizard
33%
green turtle
27%
hawksbill
27%
kemp's ridley
13%

Score Distribution

Percentile by Number Answered

Percent of People with Each Score

Your Score History

You have not taken this quiz